Laboratorio de química general
Gespeichert in:
| Hauptverfasser: | , , |
|---|---|
| Format: | Buch |
| Sprache: | Spanisch |
| Veröffentlicht: |
Ciudad de México
Reverté
2008
|
| Schlagworte: | |
| Tags: |
Tag hinzufügen
Keine Tags, Fügen Sie den ersten Tag hinzu!
|
MARC
| LEADER | 00000nam a2200000 a 4500 | ||
|---|---|---|---|
| 001 | UCG4178 | ||
| 003 | CL-VaPUC | ||
| 008 | 101018e20080000MX |||||||||||||||||spa|d | ||
| 020 | |a 9789686708707 | ||
| 082 | 0 | 4 | |a 542.1 |b LLA |2 21 |
| 100 | |a Llano Lomas, Mercedes |e autora |9 553500 | ||
| 700 | 0 | |a Müller Carrera, Graciela |e author |9 553501 | |
| 700 | 0 | |a García-Ortega, Héctor |e author |9 553502 | |
| 245 | 1 | 0 | |a Laboratorio de química general |
| 300 | |a 183 p | ||
| 942 | |c BK | ||
| 945 | |d 20101018 00:00:00 |a mfarfan | ||
| 260 | |a Ciudad de México |b Reverté |c 2008 | ||
| 650 | 7 | |a QUIMICA EXPERIMENTAL |2 CL-VaPUC |9 343056 | |
| 583 | |a last modification |c 20101018 00:00:00 |k Rodrigo Vera | ||
| 999 | |c 343017 |d 343015 | ||
| 952 | |0 0 |1 0 |4 0 |6 542_100000000000000_LLA_2008 |7 0 |8 A |9 439827 |a BIBCUR |b BIBCUR |d 2019-11-22 |i 4725530 |o 542.1 LLA 2008 |p 4725530 |r 2025-04-22 |w 2019-11-22 |y BK |k QUI | ||
| 952 | |0 0 |1 0 |4 0 |6 542_100000000000000_LLA_2008 |7 0 |8 A |9 439828 |a BIBCUR |b BIBCUR |d 2019-11-22 |i 4725549 |o 542.1 LLA 2008 |p 4725549 |r 2025-04-22 |w 2019-11-22 |y BK |k QUI | ||
| 952 | |0 0 |1 0 |4 0 |6 542_100000000000000_LLA_2008 |7 0 |8 A |9 439829 |a BIBCUR |b BIBCUR |d 2019-11-22 |i 4725557 |o 542.1 LLA 2008 |p 4725557 |r 2025-04-22 |w 2019-11-22 |y BK |k QUI | ||
| 952 | |0 0 |1 0 |4 0 |6 542_100000000000000_LLA_2008 |7 0 |8 A |9 439830 |a BIBCUR |b BIBCUR |d 2019-11-22 |i 4725565 |o 542.1 LLA 2008 |p 4725565 |r 2025-04-22 |w 2019-11-22 |y BK |k QUI | ||
| 952 | |0 0 |1 0 |4 0 |6 542_100000000000000_LLA_2008 |7 0 |8 A |9 439831 |a BIBCUR |b BIBCUR |d 2019-11-22 |i 4725573 |o 542.1 LLA 2008 |p 4725573 |r 2025-04-22 |w 2019-11-22 |y BK |k QUI | ||
| 952 | |0 0 |1 0 |4 0 |6 542_100000000000000_LLA_2008 |7 0 |8 A |9 439832 |a BIBCUR |b BIBCUR |d 2019-11-22 |i 4725581 |o 542.1 LLA 2008 |p 4725581 |r 2025-04-22 |w 2019-11-22 |y BK |k QUI | ||
| 952 | |0 0 |1 0 |4 0 |6 542_100000000000000_LLA_2008 |7 0 |8 A |9 439833 |a BIBCUR |b BIBCUR |d 2019-11-22 |i 472559K |o 542.1 LLA 2008 |p 472559K |r 2025-04-22 |w 2019-11-22 |y BK |k QUI | ||
| 952 | |0 0 |1 0 |4 0 |6 542_100000000000000_LLA_2008 |7 0 |8 A |9 439834 |a BIBCUR |b BIBCUR |d 2019-11-22 |i 4725603 |o 542.1 LLA 2008 |p 4725603 |r 2025-04-22 |w 2019-11-22 |y BK |k QUI | ||
| 952 | |0 0 |1 0 |4 0 |6 542_100000000000000_LLA_2008 |7 0 |8 A |9 439835 |a BIBCUR |b BIBCUR |d 2019-11-22 |i 4725611 |o 542.1 LLA 2008 |p 4725611 |r 2025-04-22 |w 2019-11-22 |y BK |k QUI | ||
| 952 | |0 0 |1 0 |4 0 |6 542_100000000000000_LLA_2008 |7 0 |8 A |9 439836 |a BIBCUR |b BIBCUR |d 2019-11-22 |i 472562K |l 1 |o 542.1 LLA 2008 |p 472562K |r 2025-04-22 |s 2023-09-20 |w 2019-11-22 |y BK |k QUI | ||